00349nam a2200145Ia 4500008004100000020001500041041000800056082001700064100001800081245003100099250000600130260004400136300001100180650001200191210716s2003 xx 000 0 und d a8178811251 aeng a332.632 BHAR aBhaskaran, R. aFinancial risk management. a1 aHyderabadbICFAI University Pressc2003 aix,166 aFinance